LEADER 01168nam1 2200373 450 001 990005814120203316 005 20130305100558.0 035 $a000581412 035 $aUSA01000581412 035 $a(ALEPH)000581412USA01 035 $a000581412 100 $a20130305d--------km-y0itay50------ba 101 $aeng 102 $aUS 105 $a||||||||001yy 200 1 $aProbabilistic models in engineering sciences$fHarold J. Larson, Bruno O. Shubert 210 $aNew York [etc.]$cWiley & sons 215 $av.$d24 cm 410 0$12001 454 1$12001 463 \1$1001990005813980203316$12001 $aRandom variables and stochastic processes 463 \1$1001990005814150203316$12001 $aRandom noise, signals, and dynamic systems 606 0 $aCalcolo delle probabilità$2BNCF 676 $a519.2 700 1$aLARSON,$bHarold J.$029068 701 1$aSHUBERT,$bBruno O.$0104066 801 0$aIT$bsalbc$gISBD 912 $a990005814120203316 951 $a519.2 LAR$bIng.$c519.2 LAR 959 $aBK 969 $aTEC 979 $aALESSANDRA$b90$c20130305$lUSA01$h1005 996 $aProbabilistic models in engineering sciences$91089042 997 $aUNISA